000 00692nam a2200217 i 4500
001 67055
003 ES-MaACL
005 20250806062525.0
007 t|
008 921217s1992 sp f |||| | spa d
020 _a84-00-07311-8
080 _a008(460.27 M.:469)
100 1 _aSanz García, José María.
_9103643
245 1 0 _aRecuerdos portugueses en Madrid /
_cJosé María Sanz García.
260 _a[Madrid] :
_bInstituto de Estudios Madrileños,
_c1992.
300 _a63 p., [8] p. de lám ;
_c21 cm.
651 4 _aMadrid-
_xCultura-
_xInfluencia portuguesa.
_98950
710 2 _aInstituto de Estudios Madrileños
_94916
852 _aES-MaACL
_j2171-F-11
999 _c67055
_d67055